Matemt̀icas financieras empresariales

Bibliographic Details
Main Author: Flr̤ez Uribe, Juan Antonio
Format: eBook
Language:Spanish
Published: Bogot ̀: Ecoe ediciones, 2011
Series:Ciencias administrativas. Economa̕ y finanzas
Subjects:
Online Access:Acceso restringido

MARC

LEADER 00000nam a22000007a 4500
005 20120402123930.0
007 cr|||| ||||
008 120402s2011 co |||||s|||| 00||0 spa d
020 |a 978-958-648-727-6 
035 |a 6251 
040 |a vLex 
090 |c 3116  |d 3116 
100 1 |a Flr̤ez Uribe, Juan Antonio 
245 1 0 |a Matemt̀icas financieras empresariales  |h [Recurso electrn̤ico] /  |c Juan Antonio Flr̤ez Uribe  
256 |a Servicio en ln̕ea 
260 |a Bogot ̀:  |b Ecoe ediciones,  |c 2011 
300 |a 1 recurso electrn̤ico 
490 0 |a Ciencias administrativas. Economa̕ y finanzas  
500 |a En esta segunda edicin̤ se han ampliado algunos conceptos que considero importante para los estudiosos del tema, pero sin perder el horizonte de hacer ms̀ sencillo y comprensible, el manejo de las matemt̀icas aplicadas al sistema financiero. Su forma de estudiar se inicia con la identificacin̤ del procedimiento que permita identificar la fr̤mula que, al aplicarla, facilite la interpretacin̤ y contribuya a la solucin̤ de problemas financieros presentados con frecuencia en toda empresa. Se agrupan las fr̤mulas ms̀ importantes aplicadas a los diferentes ejemplos y ejercicios propuestos en los capt̕ulos del libro. Su forma de abordarlas, en su mayora̕, han sido propuestas en forma matricial. 
504 |a Incluye bibliografa̕  
506 1 |a Contenido solo disponible en los productos indicados  |d vLex Global   |d vLex Global (Academic Edition, excluding Law Schools)   |d vLex Global (U.S. Academic Edition, Law Schools)   |d vLex Global (U.S. Academic Edition, excluding Law Schools)   |d vLex Global (Academic Edition, Law Schools)  
650 0 4 |a Matemt̀ica  |z Colombia 
650 0 4 |a Finanzas  |z Colombia 
740 0 |a vLex Libros (Servicio en ln̕ea) 
856 4 0 |u http://vlex.com/source/matematicas-financieras-empresariales-6251  |z Acceso restringido 
942 |c BOOK 
999 0 |a Mathematics 
999 0 |a Finance